| 000 | 00490nam a22001457a 4500 | ||
|---|---|---|---|
| 008 | 140911b xxu||||| |||| 00| 0 eng d | ||
| 022 | _a07011733 | ||
| 050 | _aKE1232.A45.C362(1993 vol.16) | ||
| 245 |
_aCanadian cases on the Law of Torts (1993 vol 16): _bsecond series, annotated. / _cedited by John Irvine. |
||
| 260 |
_aToronto: _bCarswell, _c1993. |
||
| 300 |
_axxiii,320p.: _c23cm. |
||
| 440 |
_pCanadian cases on the Law of Torts. _vvol.16. |
||
| 800 | _aJohn, Irvine. | ||
| 942 |
_2lcc _cBK |
||
| 999 |
_c4672 _d12172 |
||